Discrete groups and geometry : papers dedicated to A.M. Macbeath, proceedings of a Conference at Birmingham University

Saved in:
Bibliographic Details
Other Authors: Harvey, W. J. (Editor), Maclachlan, C. (Editor)
Format: Book
Language:English
Published: Cambridge : Cambridge University Press, 1992
Series:London Mathematical Society lecture note series ; ; 173
Subjects:
Tags: Add Tag
No Tags, Be the first to tag this record!

MARC

LEADER 00000nam a2200000 i 4500
001 1/74341
008 990510s1992 eng d
020 |a 0-521-42932-3 
035 |l 10049041 
040 |a GR-MY-UA  |b gre  |e aacr 
041 0 |a eng 
082 0 |a 512.2 
245 1 0 |a Discrete groups and geometry :  |b papers dedicated to A.M. Macbeath, proceedings of a Conference at Birmingham University /  |c edited by W.J. Harvey, in collaboration with C. Maclachlan 
260 |a Cambridge :   |b Cambridge University Press,   |c 1992 
300 |a 248 p.;  |b ill.;  |c 24 cm. 
490 1 |a London Mathematical Society lecture note series  |v ; 173 
500 |a Includes bibliographical references 
650 0 0 |a Discrete groups  |x Congreses. 
650 0 0 |a Geometry  |x Congresses. 
700 1 |a Harvey, W. J.  |4 edt 
700 1 |a Maclachlan, C.  |4 edt 
830 0 |a London Mathematical Society lecture note series ;  |v ; 173 
852 |a INST  |b SAMOS  |e 19990510  |h 512.2 DIS  |p 005300014426  |q 005300014426  |t BK  |y 0 
901 |a BIBL3-1999-2 
909 |a Σ  |b 063756 
922 |a 3ΕΛΗ  |b 199901  |c ΚΠΣ  |d GLORY